Chemical gardening ; latest developments in soilless culture of plants /

Bibliographic Details
Main Author: Matlin, David Richard, 1895-
Format: Book
Language:English
Published: Brooklyn, N.Y. : Chemical Pub. Co., 1942.
Subjects:

MARC

Tag First Indicator Second Indicator Subfields
LEADER 00000cam a2200000 4500
001 in00000021013
005 20151007060931.0
008 770531s1942 nyua b 00110 engm
010 |a  42014876  
035 |a (OCoLC)03005095 
035 |9 AAD0621AM 
040 |a DLC  |c HEI  |d HEI  |d TXA  |d UtOrBLW 
049 |a TXAM  |c [116874] 
050 0 0 |a SB139  |b .M28 
082 0 |a 631.58 
092 |a 631.58  |b M433c 
100 1 |a Matlin, David Richard,  |d 1895- 
245 1 0 |a Chemical gardening ;  |b latest developments in soilless culture of plants /  |c by D.R. Matlin. 
264 1 |a Brooklyn, N.Y. :  |b Chemical Pub. Co.,  |c 1942. 
300 |a vi, 159 pages including illustrations tables ;  |c 22 cm. 
336 |a text  |b txt  |2 rdacontent 
337 |a unmediated  |b n  |2 rdamedia 
338 |a volume  |b nc  |2 rdacarrier 
504 |a Bibliography: pages 154-156. 
650 0 |a Hydroponics. 
650 0 |a Plants  |x Effect of chemicals on. 
999 |a MARS 
999 f f |s fdafaa72-e6ac-3474-a180-1a71a8af9d5d  |i 6cc852a1-a67d-30c3-896e-732a74284859  |t 0 
952 f f |p ric  |a Texas A&M University  |b Rellis Campus  |c Joint Library Facility  |d Remote Storage  |t 0  |e SB139 .M28  |h Library of Congress classification  |i unmediated -- volume  |m A14801067688 
998 f f |a SB139 .M28  |t 0  |l Remote Storage